Normal view
MARC view
Entry Personal Name
001 - CONTROL NUMBER
- control field: 17863
003 - CONTROL NUMBER IDENTIFIER
- control field: OSt
005 - DATE AND TIME OF LATEST TRANSACTION
- control field: 20211105134225.0
008 - FIXED-LENGTH DATA ELEMENTS
- fixed length control field: 211105|| aca||aabn | a|a d
040 ## - CATALOGING SOURCE
- Original cataloging agency: OSt
- Transcribing agency: OSt
100 ## - HEADING--PERSONAL NAME
- Personal name: Hoff, Richard W., ed
670 ## - SOURCE DATA FOUND
- Source citation: Work cat.: (OSt): Conference on Capture Gamma-Ray Spectroscopy California 1990 Oct. 14−19 17862, Capture gamma-ray spectroscopy, 1991